[Event "Open de Sevilla 2012"]
[Site "?"]
[Date "2012.01.09"]
[Round "3"]
[White "Buxade Roca, Guillermo"]
[Black "Roy Chowdhury, Saptarshi"]
[Result "0-1"]
[WhiteElo "2158"]
[BlackElo "2414"]
[Annotator "Montecatine,R"]
[PlyCount "90"]
[EventDate "2012.01.09"]
[SourceDate "2012.01.07"]

1. e4 c5 2. Nc3 Nc6 3. Bb5 Nd4 4. Nf3 Nxb5 5. Nxb5 d6 6. d4 a6 7. Nc3 cxd4 8.
Qxd4 e5 9. Qd3 h6 10. Be3 Nf6 11. a4 Be6 12. a5 Be7 13. Nd2 Rc8 14. O-O O-O 15.
Kh1 Re8 16. f3 Qc7 17. Rfd1 Qc6 18. Nf1 Bf8 19. Qd2 Be7 20. Ng3 Red8 21. Bb6
Re8 22. Rac1 Bf8 23. Nf5 (23. Nf1) 23... Bxf5 24. exf5 e4 $15 25. Bd4 exf3 26.
Bxf6 fxg2+ 27. Kg1 gxf6 28. Nd5 Qc5+ 29. Kxg2 Re5 30. Qd3 (30. Nxf6+ Kh8 31. c4
Rxf5 32. Nd5 Bg7 $15) 30... Kh8 31. c4 Rce8 $6 {Diagrama #} (31... Qxa5) 32.
Rc2 $6 (32. Rg1 Re2+ 33. Kh1 Qf2 34. Qg3 Qxg3 35. Rxg3 Re1+ 36. Rxe1 Rxe1+ 37.
Rg1 Re2 38. Rg2 $11) 32... Bg7 33. Rf1 $2 (33. b4 $11) 33... Re4 (33... Qxa5)
34. Rf3 (34. b4) 34... Qxa5 $17 35. Rg3 Qe1 36. Kh3 Re2 37. Rxe2 Rxe2 38. Nf4
Rxb2 39. Nh5 Qf2 40. Qxd6 Qxh2+ 41. Kg4 Rd2 42. Qb8+ Kh7 43. Nxg7 Rd4+ 44. Kf3
Rd3+ 45. Ke4 Qe2+ 0-1

[Event "Open de Sevilla 2012"]
[Site "?"]
[Date "2012.01.09"]
[Round "3"]
[White "Svetushkin, Dmitry"]
[Black "Zozulia, Anna"]
[Result "1-0"]
[WhiteElo "2598"]
[BlackElo "2357"]
[Annotator "Montecatine,R"]
[PlyCount "45"]
[EventDate "2012.01.09"]
[SourceDate "2012.01.07"]

1. d4 Nf6 2. c4 g6 3. Nc3 Bg7 4. Nf3 O-O 5. Bf4 d6 6. e3 c5 7. d5 Qb6 8. Qc2 e6
9. dxe6 Bxe6 10. Rd1 Nc6 11. Be2 d5 12. O-O dxc4 13. Ng5 Bf5 14. Qc1 h6 15. Nf3
Be6 16. Nd2 Na5 17. e4 Rad8 18. h3 Kh8 19. Be3 Nd7 20. f4 Rfe8 21. g4 f5 22.
gxf5 gxf5 23. e5 {Diagrama # Ilegible} 1-0

[Event "Open de Sevilla 2012"]
[Site "?"]
[Date "2012.01.09"]
[Round "3"]
[White "Bykov, Alexey"]
[Black "Matamoros Franco, Carlos S"]
[Result "1/2-1/2"]
[WhiteElo "2337"]
[BlackElo "2552"]
[Annotator "Montecatine,R"]
[PlyCount "37"]
[EventDate "2012.01.09"]
[SourceDate "2012.01.07"]

1. d4 Nf6 2. c4 g6 3. Nf3 Bg7 4. g3 c5 5. d5 b5 6. cxb5 a6 7. bxa6 d6 8. Nc3
O-O 9. Bg2 Nbd7 10. O-O Nb6 11. Ne1 Bxa6 12. Rb1 Nfd7 13. Nc2 Nc4 14. Ne4 Ncb6
15. Ne3 Bb7 16. a3 Ra7 17. b4 c4 18. Qc2 Qc7 19. Nc3 {Diagrama # Ilegible}
1/2-1/2

[Event "Open de Sevilla 2012"]
[Site "?"]
[Date "2012.01.09"]
[Round "3"]
[White "Rzayev, Bahruz"]
[Black "Haslinger, Stewart G"]
[Result "0-1"]
[WhiteElo "2308"]
[BlackElo "2534"]
[Annotator "Montecatine,R"]
[PlyCount "118"]
[EventDate "2012.01.09"]
[SourceDate "2012.01.07"]

1. e4 d6 2. d4 Nf6 3. Nc3 e5 4. dxe5 dxe5 5. Qxd8+ Kxd8 6. Bc4 Ke8 7. Bg5 Nbd7
8. O-O-O Bd6 9. f3 a6 10. a4 h6 11. Bh4 Be7 12. Bg3 c6 13. Nge2 b5 14. Bb3 Nh5
15. Bf2 Nc5 16. g4 (16. Ba2 b4 (16... Nxa4 17. Nxa4 bxa4 18. Rd3) 17. Bxc5 Bxc5
18. Nb1) 16... Nf6 17. Bxc5 Bxc5 18. Kd2 Ke7 19. Nc1 h5 20. Nd3 Bd6 21. g5 Nh7
22. Rhg1 Nf8 23. axb5 axb5 24. Ra1 Ba6 (24... Rxa1 25. Rxa1 h4) 25. Ra2 (25.
Ne2) 25... Nd7 26. Rga1 Bb7 27. Ra7 Rhb8 28. Ne2 c5 $15 29. Bd5 Bxd5 30. exd5 {
Diagrama #} (30. Ng3) 30... Rxa7 31. Rxa7 c4 $17 32. Ndc1 (32. Ng3 g6 33. Nc1)
32... Bc5 33. Ra6 Rb6 $19 34. Rxb6 Nxb6 35. Nc3 Bb4 36. N1a2 Bxc3+ 37. Nxc3 b4
38. Ne4 Nxd5 39. b3 cxb3 40. cxb3 Nf4 41. Nc5 Ne6 42. Nd3 Nxg5 43. Ke3 Kd6 44.
Nxb4 Ne6 45. Nd3 g5 46. Ke4 Ng7 47. Nb2 f5+ 48. Kd3 Kd5 49. Nc4 e4+ 50. fxe4+
fxe4+ 51. Ke2 Nf5 52. Nb6+ Ke5 53. Nd7+ Kf4 54. b4 Nd4+ 55. Kf2 g4 56. Kg2 h4
57. Nf6 h3+ 58. Kf1 e3 59. Nd7 g3 0-1

[Event "Open de Sevilla 2012"]
[Site "?"]
[Date "2012.01.09"]
[Round "3"]
[White "Van Der Weide , Karel"]
[Black "Gallardo Fernandez, Cesar"]
[Result "1-0"]
[WhiteElo "2445"]
[BlackElo "2209"]
[Annotator "Montecatine,R"]
[PlyCount "103"]
[EventDate "2012.01.09"]
[SourceDate "2012.01.07"]

1. e4 d6 2. d4 Nf6 3. Nc3 e5 4. Nf3 Nbd7 5. g3 Be7 6. Bg2 O-O 7. O-O c6 8. a4
Qc7 9. h3 b6 10. Be3 Bb7 11. Nd2 exd4 12. Bxd4 d5 13. exd5 Nxd5 14. Nxd5 cxd5
15. Re1 $14 Bf6 16. Nf3 Rac8 17. c3 Qd6 18. a5 Nc5 (18... Rfe8) 19. axb6 axb6
20. Bxf6 Qxf6 21. Qd4 Qxd4 22. Nxd4 $16 Ra8 23. Nf5 Rfd8 24. Rad1 Kf8 25. b4 (
25. Ne3 Ne4 26. Rd4 $16) 25... Ne4 26. c4 g6 27. Nd4 (27. Ne3 $14) 27... Rab8 (
27... Nc3 28. Rd2 Rac8 $11) 28. b5 {Diagrama #} (28. Nb5) 28... Nd6 $2 (28...
Nc3) 29. Rc1 $2 (29. Nc6 Bxc6 30. bxc6 $18) 29... dxc4 $17 30. Nc6 Nxb5 $2 (
30... Bxc6) 31. Nxb8 Rxb8 32. Bxb7 Rxb7 33. Rxc4 Nd6 34. Rc6 Nf5 35. Rb1 b5 36.
g4 Nd4 37. Rd6 Ne2+ 38. Kf1 Nf4 39. h4 Ke7 40. Rd4 Ne6 41. Re4 Kd6 42. Ke2 Kc5
43. Ke3 Nc7 44. Rc1+ Kd6 45. Rd4+ Nd5+ 46. Ke4 Re7+ 47. Kd3 Ra7 48. Rc8 Ra3+
49. Ke4 f5+ 50. gxf5 gxf5+ 51. Kxf5 Rf3+ 52. Kg4 1-0

[Event "Open de Sevilla 2012"]
[Site "?"]
[Date "2012.01.10"]
[Round "4"]
[White "Justiniano Maquez, Marco Antonio"]
[Black "Campora, Daniel H"]
[Result "0-1"]
[WhiteElo "2066"]
[BlackElo "2490"]
[Annotator "Montecatine,R"]
[PlyCount "60"]
[EventDate "2012.01.10"]
[SourceDate "2012.01.07"]

1. d4 f5 2. Nf3 Nf6 3. g3 g6 4. b3 Bg7 5. Bb2 O-O 6. Bg2 d5 7. O-O c6 8. Nbd2
Nbd7 9. c4 e6 10. Qc2 Ne4 11. Ne5 Qc7 12. f4 Nxe5 13. fxe5 Bh6 14. Nxe4 dxe4
15. Bc1 Bg7 16. Ba3 Rd8 {Diagrama #} 17. Kh1 $2 (17. Rfd1) 17... Rxd4 18. Bd6
Rxd6 (18... Qa5 19. Rad1 Rxd1 20. Rxd1 $17) 19. exd6 Qxd6 20. Rad1 Qe7 21. Qd2
Bf6 22. g4 Kg7 23. e3 c5 24. Qd6 a5 25. Qxe7+ Bxe7 26. a4 Ra6 27. gxf5 exf5 28.
Rd5 Be6 29. Rfd1 Bxd5 30. Rxd5 Rb6 0-1

[Event "Open de Sevilla 2012"]
[Site "?"]
[Date "2012.01.10"]
[Round "4"]
[White "Fernandez Romero, Ernesto"]
[Black "Ortega Valle, Jose Ramon"]
[Result "1-0"]
[WhiteElo "2471"]
[BlackElo "2045"]
[Annotator "Montecatine,R"]
[PlyCount "47"]
[EventDate "2012.01.10"]
[SourceDate "2012.01.07"]

1. c4 Nf6 2. Nc3 g6 3. e4 d6 4. d4 Bg7 5. Be2 Nbd7 6. Be3 e5 7. d5 Nc5 8. Bf3
a5 9. g4 b6 10. Qe2 Bd7 11. O-O-O h5 12. g5 Ng8 13. h4 Qc8 14. Bg2 Qa6 15. Bh3
O-O-O 16. Bxd7+ Rxd7 17. Rh3 Ne7 18. Bxc5 bxc5 19. Nb5 Bf8 20. Rf3 c6 21. Na3
cxd5 (21... Rh7) 22. cxd5 Qxe2 23. Nxe2 Ng8 24. Nc4 {
Diagrama # Tras 24...Ra7 25.Ra3 la posición negra no tendría esperanza} 1-0

[Event "Open de Sevilla 2012"]
[Site "?"]
[Date "2012.01.10"]
[Round "4"]
[White "Estremera Panos, Sergio"]
[Black "Mirzoev, Azer"]
[Result "1/2-1/2"]
[WhiteElo "2378"]
[BlackElo "2523"]
[Annotator "Montecatine,R"]
[PlyCount "37"]
[EventDate "2012.01.10"]
[SourceDate "2012.01.07"]

1. d4 d5 2. Nf3 Nf6 3. c4 c6 4. Nc3 a6 5. cxd5 cxd5 6. Bf4 Nc6 7. Ne5 e6 8.
Nxc6 bxc6 9. g3 c5 10. Bg2 cxd4 11. Qxd4 Bd6 12. O-O O-O 13. Rfd1 Rb8 14. Bxd6
Qxd6 15. b3 Bd7 16. Qd2 Qb6 17. e4 dxe4 18. Nxe4 Nxe4 19. Bxe4 {Diagrama #}
1/2-1/2

[Event "Open de Sevilla 2012"]
[Site "?"]
[Date "2012.01.10"]
[Round "4"]
[White "Haslinger, Gareth J"]
[Black "Rizouk, Aimen"]
[Result "1/2-1/2"]
[WhiteElo "2238"]
[BlackElo "2539"]
[Annotator "Montecatine,R"]
[PlyCount "39"]
[EventDate "2012.01.10"]
[SourceDate "2012.01.07"]

1. d4 Nf6 2. Nf3 e6 3. Bf4 c5 4. e3 b6 5. c3 Be7 6. Bd3 Bb7 7. Nbd2 Nc6 8. h3
cxd4 9. exd4 Nd5 10. Bh2 f5 11. O-O O-O 12. Nc4 d6 13. a4 Rc8 14. Qe2 Nc7 15.
Rfe1 Qd7 16. Na3 Nd8 17. Nb5 Ne8 18. Na3 Nc7 19. Nb5 Ne8 20. Na3 {Diagrama #}
1/2-1/2

[Event "Open de Sevilla 2012"]
[Site "?"]
[Date "2012.01.10"]
[Round "4"]
[White "Das, Arghyadip"]
[Black "Urbina Perez, Juan Antonio"]
[Result "1/2-1/2"]
[WhiteElo "2459"]
[BlackElo "2210"]
[Annotator "Montecatine,R"]
[PlyCount "33"]
[EventDate "2012.01.10"]
[SourceDate "2012.01.07"]

1. e4 e5 2. Nf3 Nc6 3. Bb5 a6 4. Ba4 Nge7 5. d3 g6 6. c4 Bg7 7. Nc3 O-O 8. a3
d6 9. h3 h6 10. g4 Nd4 11. Nxd4 exd4 12. Ne2 b5 13. Bc2 (13. cxb5 axb5 14. Bxb5
d5 15. O-O (15. Ng3 $2 c6 16. Ba4 Qa5+) 15... Rb8 16. Ba4 dxe4 17. dxe4 Ba6 18.
Re1 c5 $15) 13... Nc6 14. Ng3 Qh4 15. Bb3 bxc4 16. Bxc4 Rb8 17. Kf1 $17 {
Diagrama # podría seguir 17...Ne5 18.Ba2 a5 19.Kg2 Ba6} 1/2-1/2

[Event "Open de Sevilla 2012"]
[Site "?"]
[Date "2012.01.10"]
[Round "4"]
[White "Barrero Garcia, Carlos"]
[Black "Romero Sanchez, Jesus"]
[Result "1-0"]
[WhiteElo "2370"]
[BlackElo "2172"]
[Annotator "Montecatine,R"]
[PlyCount "41"]
[EventDate "2012.01.10"]
[SourceDate "2012.01.07"]

1. e4 g6 2. d4 Bg7 3. Nc3 c6 4. Nf3 d5 5. h3 dxe4 6. Nxe4 Na6 (6... Nf6) (6...
Nd7 7. Bd3 (7. Qe2 Ndf6) 7... Ngf6) 7. Bc4 Nc7 8. O-O Nf6 9. Nxf6+ exf6 (9...
Bxf6 10. Bh6) 10. Re1+ Be6 11. Bxe6 fxe6 (11... Nxe6 12. c4 O-O (12... Qd7 13.
d5 $6 Rd8)) 12. Bf4 $16 Kf7 13. c4 Re8 14. Qb3 Re7 15. Rad1 Rd7 16. g4 h6 17.
Bg3 {Diagrama #} b6 $2 (17... Qc8) 18. d5 $18 exd5 (18... cxd5 19. Bxc7 Qxc7
20. cxd5 exd5 21. Rxd5 Kf8 22. Nh4 $18) 19. Nd4 c5 20. cxd5 Kf8 (20... cxd4 21.
Bxc7 Rxc7 22. d6+) 21. Bxc7 1-0

[Event "Open de Sevilla 2012"]
[Site "?"]
[Date "2012.01.10"]
[Round "4"]
[White "Mellado Trivino, Juan"]
[Black "Teske, Henrik"]
[Result "1/2-1/2"]
[WhiteElo "2435"]
[BlackElo "2550"]
[Annotator "Montecatine,R"]
[PlyCount "54"]
[EventDate "2012.01.10"]
[SourceDate "2012.01.07"]

1. e4 c5 2. Nc3 Nc6 3. Bb5 Nd4 4. Bc4 Nf6 5. Nge2 a6 6. a4 e6 7. O-O d5 8. exd5
exd5 9. Ba2 Bg4 10. h3 Bh5 11. d3 h6 (11... Bd6 12. Bg5 O-O) 12. Qd2 Nxe2+ 13.
Nxe2 Bd6 14. Nf4 (14. Qe3+ Kf8 (14... Kd7 15. Nf4 Re8 16. Qd2 Bxf4 17. Qxf4 Kc6
$14) 15. g4 Bg6 16. Nf4 Bxf4 17. Qxf4 $14) 14... Bxf4 (14... O-O 15. Nxd5 Nxd5
16. Bxd5 Bc7 17. c4 Qd6 18. f4 Rfe8 19. g4 Bg6 20. f5 Bh7 21. Qg2 $16) 15. Re1+
Kf8 16. Qxf4 g5 17. Qg3 Rc8 18. Bd2 Bg6 19. Re5 (19. f4 Nh5 20. Qh2 gxf4 21.
Bxf4 Nxf4 22. Qxf4 $16) 19... Qb6 20. Bc3 (20. Bxd5 Nxd5 21. Rxd5 Qxb2 22. Rc1
Kg7 23. f4 $16) 20... d4 21. a5 Qc7 22. Bd2 Nh5 23. Qh2 b5 $2 (23... f6 24. Rd5
Bf7 25. Qxc7 Rxc7 26. Rd8+ Kg7 27. Rxh8 Kxh8 28. Bxf7 Rxf7 $14) 24. axb6 Qxb6
25. Bc4 $18 Qxb2 {Diagrama #} 26. Ra2 $6 (26. Rxa6 $1 Kg7 (26... Qxc2 27. Re1
Qxd2 28. Qd6+ Kg7 29. Qxg6+ fxg6 30. Ra7+ Kf8 31. Rf7+ Kg8 32. Rc7+ Kf8 33.
Rxc8+ Kg7 34. Rc7+ Kf8 35. Rf7+ Kg8 36. Re8#)) 26... Qb8 27. Rxa6 {Diagrama #}
Nf4 $14 {28.Re1 Re8 29.Rxe8+ Qxe8 30.g3 Ne2+ 31.Kf1} 1/2-1/2

[Event "Open de Sevilla 2012"]
[Site "?"]
[Date "2012.01.10"]
[Round "4"]
[White "Saric, Kristina"]
[Black "Herraiz Hidalgo, Herminio"]
[Result "0-1"]
[WhiteElo "2235"]
[BlackElo "2469"]
[Annotator "Montecatine,R"]
[PlyCount "64"]
[EventDate "2012.01.10"]
[SourceDate "2012.01.07"]

1. e4 c5 2. Nf3 g6 3. c3 Bg7 4. d4 cxd4 5. cxd4 d5 6. e5 Nh6 7. Bb5+ Nc6 8. O-O
O-O 9. Nc3 Bg4 10. Bxc6 bxc6 11. h3 Bxf3 12. Qxf3 f6 13. Bxh6 (13. exf6 exf6
14. Bxh6 Bxh6 15. Rfe1 Bg7 16. Na4 Qa5 17. Nc5 Rfe8 18. Qc3 Qxc3 19. bxc3 Bf8
20. Nb3 Ba3 21. Rab1 Rxe1+ 22. Rxe1 Kf7 23. Na5 Rc8 24. Rb1 Rc7 25. Kf1 Ke6 26.
Ke2 c5 27. Rb3 Bc1 28. Rb7 Rxb7 29. Nxb7 c4 30. Nc5+ Kd6 31. Na6 Ba3 32. Nb4
Bxb4 33. cxb4 a5 34. b5 a4 35. Kd2 Kc7 36. Kc3 Kb6 37. Kb4 {
1/2-1/2 (37) Prijovic,M (2144)-Rabrenovic,M (2341)/Herceg Novi 2006}) 13...
Bxh6 14. exf6 Rxf6 15. Qe2 Qd6 16. Rae1 Re8 17. Qa6 Qb8 18. Re2 Bf4 19. Rfe1
Bd6 20. Kh1 Qb6 21. Qa4 $2 (21. Qxb6 axb6 22. g3 $11) 21... Ref8 $17 {
Diagrama #} 22. Kg1 $2 (22. Nd1) 22... e5 $19 23. Nd1 Qxd4 (23... exd4) 24.
Qxd4 exd4 25. a3 c5 26. Rd2 a5 27. b4 cxb4 28. Rxd4 bxa3 29. Re2 Rd8 30. Nc3
Be5 31. Rxd5 Rxd5 32. Nxd5 Rxf2 0-1

[Event "Open de Sevilla 2012"]
[Site "?"]
[Date "2012.01.10"]
[Round "4"]
[White "Van Der Weide, Karel"]
[Black "Svetushkin, Dmitry"]
[Result "1-0"]
[WhiteElo "2445"]
[BlackElo "2598"]
[Annotator "Montecatine,R"]
[PlyCount "81"]
[EventDate "2012.01.10"]
[SourceDate "2012.01.07"]

1. e4 c6 2. d4 d5 3. e5 Bf5 4. Nf3 e6 5. Be2 Ne7 6. O-O h6 7. b3 c5 8. Na3 Nec6
9. Bb2 cxd4 10. Nb5 Bg4 11. Nbxd4 Bc5 12. c4 dxc4 13. Nb5 Qa5 (13... cxb3 14.
axb3 a6 15. Nd6+ Bxd6 16. exd6) 14. Bxc4 $14 O-O 15. Qe2 Nd7 16. Rfd1 Rad8 17.
a3 Qb6 18. b4 Be7 19. Qe4 Bxf3 20. gxf3 a6 21. Nd4 {Diagrama #} Nxd4 $6 (21...
Nc5 22. bxc5 Qxb2 23. Bd3 f5 24. exf6 Rxf6 25. Nxc6 bxc6 26. Bc4 Rdf8 27. Bxe6+
Kh8 28. Ra2 Qc3 $11) 22. Bxd4 $16 Qc7 23. Rac1 Qb8 $6 (23... Qc6 24. Qxc6 bxc6
25. Bxa6 Bg5 26. Rb1 Bf4 27. Bb7 $16) 24. f4 $16 b5 $6 (24... Kh8) 25. Bd3 (25.
Be2) 25... g6 26. Qc6 $18 Bh4 27. Be3 Nxe5 (27... Qa8 28. Qxa8 Rxa8 29. Rc6
Rfc8 30. Be4 $18) 28. fxe5 Qxe5 29. Qe4 Qh5 30. Rd2 Rd5 (30... Bg5) 31. Be2
Bxf2+ 32. Kxf2 Qxh2+ 33. Qg2 Qh4+ 34. Qg3 Qf6+ 35. Bf3 Rxd2+ 36. Bxd2 Rd8 37.
Bxh6 Rd3 38. Bf4 Qd8 39. Qg5 Qd7 40. Rc7 Qd4+ 41. Kg2 1-0

[Event "Open de Sevilla 2012"]
[Site "?"]
[Date "2012.01.10"]
[Round "4"]
[White "Razmyslov, Alexander"]
[Black "Sengupta, Deep"]
[Result "0-1"]
[WhiteElo "2438"]
[BlackElo "2562"]
[Annotator "Montecatine,R"]
[PlyCount "78"]
[EventDate "2012.01.10"]
[SourceDate "2012.01.07"]

1. d4 d5 2. c4 e6 3. Nc3 c6 4. e4 dxe4 5. Nxe4 Bb4+ 6. Bd2 Qxd4 7. Bxb4 Qxe4+
8. Be2 Na6 9. Bd6 Nh6 10. Qd2 Nf5 11. O-O-O (11. Nf3 Nxd6 (11... f6 12. Rd1 Kf7
13. Ba3 Re8 14. g4 Nh4 15. Qd3 Nxf3+ 16. Qxf3 Qxf3 17. Bxf3 e5 18. Rg1 Be6 19.
b3 Rad8 20. Rxd8 Rxd8 21. Ke2 g6 22. Be4 Rd7 23. f3 c5 24. h4 Nb4 25. Bb2 Nxa2
26. Ra1 Nb4 27. Rxa7 b5 28. Rxd7+ Bxd7 29. cxb5 Bxb5+ 30. Ke3 Bc6 31. Ba3 Bxe4
32. Bxb4 cxb4 33. fxe4 Ke6 34. Kd3 f5 35. gxf5+ gxf5 36. exf5+ Kxf5 37. Kc4 e4
38. Kxb4 e3 39. Kc3 Ke4 40. b4 Kf3 {0-1 (40) Huss,R (2220)-Feist,P/Hessen 1999}
) 12. Qxd6 Qf5 13. Ne5 Qf6 14. Nxc6 Bd7 15. Na5 Qxb2 16. Rd1 Qb4+ 17. Qxb4 Nxb4
18. Nxb7 Bc6 19. Nd6+ Ke7 20. Rd2 Nxa2 21. Rxa2 Kxd6 22. Ra6 Kc7 23. f3 Bb7 24.
Ra5 Rhd8 25. Kf2 a6 26. Ke3 Rd7 27. c5 Kd8 28. Rha1 Rc8 29. Bxa6 Bxa6 30. Rxa6
Rxc5 31. Ra8+ Ke7 32. R8a7 Rcc7 33. Rxc7 Rxc7 34. Ra2 Rc4 35. g3 g5 36. h3 Kf6
37. Rb2 Kg6 38. Ra2 h5 39. Rb2 f5 40. Kf2 Rc3 41. h4 gxh4 42. gxh4 Rc1 43. Re2
Kf6 44. f4 Rh1 45. Kg3 Rg1+ 46. Kf3 Rg4 47. Rh2 e5 48. fxe5+ Kxe5 49. Re2+ Re4
50. Rh2 Ra4 51. Re2+ Kf6 52. Rh2 Ra1 53. Rb2 Rf1+ 54. Kg2 Re1 55. Kf3 Re4 56.
Rb6+ Re6 57. Rb4 Rd6 58. Kf4 Kg6 59. Ra4 {
1/2-1/2 (59) Gonzalez Merino,A (2057)-Naranjo Moreno,A (2173)/Mondariz 2004})
11... Nxd6 12. Qxd6 Qh4 13. Bf3 Rb8 14. Ne2 Qe7 15. Qd4 Qg5+ $6 (15... e5 16.
Qe3 (16. Qxa7 $2 e4) 16... Qc5 $17) 16. Rd2 O-O 17. Qxa7 $15 Qa5 18. Nc3 e5 19.
Bd1 (19. Re1 Be6 20. Be2) 19... Be6 20. Re1 Bxc4 21. Re4 b5 22. Rxe5 Bxa2 23.
Rd6 $2 (23. Nxa2 Qxa2 24. Bc2 $17) 23... Bc4 24. Bc2 Qa1+ 25. Nb1 g6 26. Rxc6
Ra8 27. Qe7 Ba2 28. Re3 b4 29. Rh3 Bxb1 30. Bxb1 Rac8 31. Qb7 Rxc6+ 32. Qxc6
Qa5 33. Re3 Nc5 34. h4 Ne6 35. g4 Qd8 36. Ba2 Nd4 37. Qc4 Qd7 38. Qxb4 Rc8+ 39.
Kb1 Nc2 0-1

[Event "Open de Sevilla 2012"]
[Site "?"]
[Date "2012.01.10"]
[Round "4"]
[White "Haslinger, Stewart G"]
[Black "Munoz Martin, Pablo"]
[Result "1-0"]
[WhiteElo "2534"]
[BlackElo "2243"]
[Annotator "Montecatine,R"]
[PlyCount "85"]
[EventDate "2012.01.10"]
[SourceDate "2012.01.07"]

1. e4 c5 2. Nf3 Nc6 3. d4 cxd4 4. Nxd4 Nf6 5. Nc3 e5 6. Ndb5 d6 7. Bg5 a6 8.
Na3 b5 9. Nd5 Be7 10. Bxf6 Bxf6 11. c4 b4 12. Nc2 a5 13. g3 Bg5 14. h4 Bh6 15.
Bh3 Bb7 16. Qd3 (16. Qh5 Ne7 17. O-O Bxd5 18. cxd5 O-O 19. Qe2 Qb6 20. Ne3 Bxe3
21. Qxe3 Qxe3 22. fxe3 h5 23. Rac1 Ra7 24. Rf2 Rb8 25. Kf1 Kf8 26. Be6 Ng8 27.
Rc4 Nf6 28. Bh3 b3 29. axb3 Rxb3 30. Rfc2 g6 31. Ke2 Rab7 32. Kf3 Rxb2 {
1/2-1/2 (32) Ramesh,R (2473)-Vishnu,P (2340)/Chennai 2008}) 16... O-O 17. O-O
Ne7 (17... Nb8 18. Rad1 Na6 19. b3 Nc5 20. Qf3 Kh8 21. Rfe1 g6 22. Qf6+ Qxf6
23. Nxf6 Bg7 24. Nd5 h5 25. Bg2 Ne6 26. Nce3 Bh6 27. Re2 Nd4 28. Rb2 Rfd8 29.
Bh3 {1/2-1/2 (29) Sadkowsky,D (2313)-Tonoli,B (2175)/Gent 2008}) 18. Nde3 g6 (
18... Bxe3 19. Nxe3 Qb6 $11) 19. Rad1 Qb6 20. h5 (20. Qxd6 Qxd6 21. Rxd6 Bxe4
22. Bg2 Bxg2 23. Kxg2 $14) 20... Rad8 21. Kh2 Bg7 22. f3 {Diagrama #} d5 $6 23.
cxd5 Ba6 24. Nc4 Qc5 25. b3 $16 Nc6 26. Kg2 Nd4 27. Nxd4 exd4 28. Rh1 Bc8 (
28... a4) 29. Bxc8 $18 Rxc8 30. h6 Bh8 31. e5 Qxd5 32. Qxd4 Qe6 33. Qd5 Qe7 34.
Qd7 Rfe8 35. f4 f6 36. Rhe1 fxe5 37. fxe5 a4 38. Re2 axb3 39. axb3 Rc7 40. Qd5+
Qf7 41. Qxf7+ Rxf7 42. Nd6 Rd7 43. e6 1-0

[Event "Open de Sevilla 2012"]
[Site "?"]
[Date "2012.01.10"]
[Round "4"]
[White "Roy Chowdhury, Sptarshi"]
[Black "Saric, Ante"]
[Result "0-1"]
[WhiteElo "2414"]
[BlackElo "2528"]
[Annotator "Montecatine,R"]
[PlyCount "112"]
[EventDate "2012.01.10"]
[SourceDate "2012.01.07"]

1. e4 e6 2. Qe2 c5 3. Nf3 Nc6 4. g3 g6 5. Bg2 Bg7 6. O-O Nge7 7. c3 e5 8. Na3
O-O 9. d3 d6 10. Nh4 Be6 11. f4 Qd7 12. Nc4 (12. Nc2) 12... exf4 $15 13. Bxf4
d5 14. Nd2 (14. exd5 Nxd5 15. Bd6 Rfe8 16. Qf2 (16. Bxc5 Nxc3) 16... b5 $17)
14... d4 15. e5 (15. c4) 15... dxc3 16. bxc3 Nd5 (16... Rad8) 17. Ne4 Nxc3 18.
Nxc3 Qd4+ 19. Qe3 Qxc3 20. Rac1 Qa3 21. Bxc6 bxc6 22. Rxc5 Rfd8 23. Rd1 $2 Bd5
$6 (23... h6 $19 24. Qc1 Rxd3) 24. Rc2 Re8 25. d4 Qa5 $6 (25... Qxe3+ 26. Bxe3
f6 27. exf6 Bxf6 $17) 26. Rcd2 $6 (26. Bh6 Bxh6 27. Qxh6 Reb8 $15 (27... Qb4
28. Qg5 $13)) 26... Bf8 (26... f6) 27. Bg5 (27. Bh6) 27... Qa3 28. Qf4 (28.
Qxa3 Bxa3 29. Ng2) 28... Rab8 29. Bf6 (29. Ng2) 29... Rb2 $17 30. Nf5 Rxd2 31.
Rxd2 Qc1+ 32. Kf2 h5 $19 33. g4 Rb8 $2 (33... Bb4 $19) 34. Ne7+ Kh7 35. Nxd5
cxd5 36. Bg5 (36. gxh5 Bh6 37. Bg5 Bxg5 38. Qxg5 Rb6 39. Qf4 $14) 36... f6 (
36... hxg4 $11) 37. exf6 Rb1 {Diagrama #} 38. gxh5 $2 (38. Kg3 Qe1+ 39. Kh3 $11
) 38... Qg1+ 39. Ke2 Bd6 $19 40. hxg6+ Kxg6 41. Qf3 (41. Qxd6 Qf1+ 42. Ke3 Re1+
) 41... Qxg5 42. f7 Qe7+ 43. Kd3 Qe4+ 44. Qxe4+ dxe4+ 45. Kxe4 Kxf7 46. Kd5 Ke7
47. Rg2 Kd7 48. h4 Rb5+ 49. Kc4 Rh5 50. Rg5 Rxh4 51. Ra5 Bb8 52. Rd5+ Kc8 53.
Rg5 Bc7 54. Rg8+ Kb7 55. Rg7 Kb6 56. Rg6+ Ka5 0-1

[Event "Open de Sevilla 2012"]
[Site "?"]
[Date "2012.01.10"]
[Round "4"]
[White "Matamoros Franco, Carlos S"]
[Black "Simon Padros, Emili"]
[Result "1-0"]
[WhiteElo "2552"]
[BlackElo "2261"]
[Annotator "Montecatine,R"]
[PlyCount "74"]
[EventDate "2012.01.10"]
[SourceDate "2012.01.07"]

1. Nf3 d6 2. d4 Bg4 3. c4 Nd7 4. Nc3 g6 5. g3 Bxf3 6. exf3 Bg7 7. Bg2 Ngf6 8.
O-O O-O 9. f4 $14 c5 10. d5 Ne8 11. Qd3 Nc7 12. Bd2 a6 13. a4 Rb8 14. Rfe1 b6
15. Rab1 Re8 16. h4 f5 17. h5 Nf6 18. hxg6 hxg6 19. b4 Qd7 (19... cxb4 20. Rxb4
a5 21. Rbb1 Nd7 $14) 20. Rb3 e5 21. fxe5 dxe5 22. bxc5 bxc5 23. Qb1 $16 Rxb3
24. Qxb3 e4 25. Qb6 {Diagrama #} Ne6 (25... Ng4 $16) 26. Qxa6 $18 Nd4 27. Nb5
Ng4 28. Nxd4 cxd4 29. Qxg6 Ne5 30. Qh5 Nxc4 31. Bf4 d3 32. Rc1 Rc8 33. Bh3 d2
34. Bxf5 dxc1=Q+ 35. Bxc1 Qe8 36. Be6+ Kf8 37. Qf5+ Ke7 1-0

[Event "Open de Sevilla 2012"]
[Site "?"]
[Date "2012.01.10"]
[Round "4"]
[White "Paunovic, Dragan"]
[Black "Aranaz Murillo, Amalia"]
[Result "1-0"]
[WhiteElo "2520"]
[BlackElo "2229"]
[Annotator "Montecatine,R"]
[PlyCount "147"]
[EventDate "2012.01.10"]
[SourceDate "2012.01.07"]

1. g3 d5 2. Bg2 Nf6 3. d3 c6 4. f4 Bf5 5. Nf3 h6 6. O-O Nbd7 7. Nc3 e6 8. Qe1
Bc5+ 9. Kh1 O-O 10. Bd2 Bh7 11. a3 a5 12. e4 dxe4 13. dxe4 b5 14. e5 Nd5 15.
Ne4 Be7 16. Rc1 Qb6 17. g4 Nc5 18. Ng3 Rfe8 19. f5 exf5 20. gxf5 Bf8 21. Qe2
Nd7 22. Rce1 Bd6 23. e6 fxe6 24. fxe6 N7f6 25. Nh4 Qc7 26. Nhf5 {Diagrama #}
Nf4 (26... Bxg3 27. Nxg3 Re7 $11) 27. Bxf4 Bxf4 28. e7 $16 Bxg3 $2 (28... Bg6
29. Qe6+ Bf7 30. Qxc6 Ra7 $16) 29. Qe6+ $18 Kh8 30. Nxg3 $6 (30. Nxg7 $18)
30... Nd5 31. Bxd5 (31. Rf7 Bg8 (31... Rxe7 32. Rxe7 Nxe7 33. Qxe7 $18) 32.
Bxd5 cxd5 (32... Bxf7 33. Qxf7 cxd5 34. Nf5 Rg8 35. Nxh6 gxh6 36. Re6) 33. Nf5
$18) 31... cxd5 32. Qxd5 (32. Rf7 $18) 32... Rac8 33. Qe5 (33. Nf5 Bxf5 34.
Qxf5 b4 35. a4 $18) 33... Qxe5 34. Rxe5 Bxc2 $14 35. Kg1 b4 36. Rc1 b3 37. Rce1
Rc7 38. Nh5 Kg8 39. Nf4 Kf7 40. Nd5 Rd7 (40... Rc4) 41. R1e3 $16 a4 42. Kf2 (
42. h4) 42... Ra7 43. Rf3+ Kg8 44. Rc3 Kf7 45. Ke3 (45. Nc7 Rxe7 46. Rf3+)
45... g6 46. Kd4 Bf5 47. h4 h5 48. Rf3 Rc8 49. Rfxf5+ gxf5 50. Rxf5+ Kg7 51.
Rxh5 Rd7 52. Ke5 Re8 53. Ke6 Rexe7+ 54. Nxe7 Rd2 55. Nf5+ Kg8 56. Kf6 Rf2 57.
Rh6 Rf1 58. Rg6+ Kh8 59. Rh6+ Kg8 60. h5 Rf2 61. Rg6+ Kh8 62. Rg4 Rxb2 63. Rxa4
Ra2 64. Kg6 Rg2+ 65. Kh6 Kg8 66. Rb4 b2 67. Ne3 Rg3 68. Nc4 Rc3 69. Ne5 Kf8 70.
Rxb2 Rxa3 71. Rb8+ Ke7 72. Kg7 Ke6 73. Re8+ Kf5 74. Ng6 1-0